Score 0/11 Timer 01:00
1 Play Today
Clue Word % Correct
Canine animalDOG
96.3%
Female deerDOE
95%
Breed of dogPUG
85.9%
Porcine animalPIG
83.7%
Cuddle a petHUG
82.6%
Fish eggsROE
80.8%
Bovine animalCOW
79.9%
Fishing poleROD
79.8%
Domesticated [rung one]HOG
77.5%
Type of fishCOD
77.5%
Female [rung one]SOW
64%

Today's Daily Dose

Remove Ads.
Support Sporcle.
Get the best of Sporcle when you Go Orange. This ad-free experience offers more features, more stats, and more fun while also helping to support Sporcle. Thank you for becoming a member.

You're not logged in!

Compare scores with friends on all Sporcle quizzes.
OR
Log In

Show Comments

Extras

Top Quizzes Today


Score Distribution

Your Account Isn't Verified!

In order to create a playlist on Sporcle, you need to verify the email address you used during registration. Go to your Sporcle Settings to finish the process.

Report this User

Report this user for behavior that violates our Community Guidelines.

Details: